Materials Used in Standard Circulation Coins Worldwide - Statistics

General Stats
  • This quiz has been taken 25 times
  • The average score is 20 of 22
Answer Stats
Number of Coins Answer % Correct
64 Aluminium
100%
3 Aluminium brass
100%
114 Aluminium bronze
100%
2 Aluminium-nickel-bronze
100%
1 Aluminium-zinc-bronze
100%
294 Brass
100%
280 Copper
100%
1 Copper Aluminium
100%
32 Copper-aluminium-nickel
100%
439 Copper-Nickel
100%
4 Manganese brass
100%
509 Nickel
100%
238 Nickel Brass
100%
3 Nickel silver
100%
4 Nickel-steel
100%
4 Gold
94%
132 Stainless steel
94%
859 Steel
94%
101 Bronze
83%
11 Zinc
83%
4 Plastic
39%
143 Nordic Gold
17%
No matching quizzes found
Score Distribution
Percent of People with Each Score
Percentile by Number Answered
Your Score History
You have not taken this quiz